Musical Theatre Quiz! - Statistics

General Stats
  • This quiz has been taken 546 times
  • The average score is 6 of 15
Answer Stats
Hint Answer % Correct
"Edelweiss" The Sound of Music
83%
"America" West Side Story
83%
"Masquerade" The Phantom of the Opera
76%
"One Short Day" Wicked
68%
"Johanna" Sweeney Todd
56%
"I'm Alive" Next To Normal
38%
"Will I" RENT
38%
"I Hate Men" Kiss Me Kate
28%
"If You Got It, Flaunt It" The Producers
27%
"Strangers Like Me" Tarzan
25%
"Show Off" The Drowsy Chaperone
23%
"What More Can I Say?" Falsettoland
14%
"Tell My Father" The Civil War
9%
"In a Little While" Once Upon a Mattress
8%
"Apology to a Cow" Bat Boy: The Musical
6%
No matching quizzes found
Score Distribution
Percent of People with Each Score
Percentile by Number Answered
Your Score History
You have not taken this quiz